000
00264nam a2200109Ia 4500
008
240625s9999 xx 000 0 und d
041
_a
eng
082
_a
808.20 AGR
100
_a
AGRAWAL PRIYAM
245
_a
PROJECT REPORT SUMMER INTERNSHIP MANPOWE
260
_c
2013
999
_c
36866
_d
36866